Les 200 plus gros transferts de l'histoire - Statistiques

Statistiques générales
  • Ce quiz a été pris 233 fois
    129 depuis la dernière actualisation
  • Le résultat moyen est 123 sur 200
Statistiques - réponses
Rang Saison Montant (millions d'€) Club de départ Club d'arrivée Réponse % Correct
2) 18/19 180 Monaco PSG Kylian Mbappé
100%
1) 17/18 222 Barcelone PSG Neymar
100%
22) 23/24 90 PSG Al-Hilal Neymar
100%
24) 13/14 88 Santos Barcelone Neymar
100%
9) 18/19 117 Real Madrid Juventus Cristiano Ronaldo
98%
20) 09/10 94 Manchester United Real Madrid Cristiano Ronaldo
98%
4) 17/18 135 Dortmund Barcelone Ousmane Dembélé
96%
117) 23/24 50 Barcelone PSG Ousmane Dembélé
96%
7) 19/20 120 Atlético Madrid Barcelone Antoine Griezmann
95%
159) 02/03 45 Inter Milan Real Madrid Ronaldo
95%
5) 19/20 127,2 Benfica Atlético Madrid João Félix
93%
3) 17/18 135 Liverpool Barcelone Philippe Coutinho
93%
14) 16/17 105 Juventus Manchester United Paul Pogba
91%
17) 23/24 100 Tottenham Bayern Munich Harry Kane
90%
8) 21/22 117,5 Aston Villa Manchester City Jack Grealish
90%
15) 23/24 103 Dortmund Real Madrid Jude Bellingham
88%
13) 21/22 113 Inter Milan Chelsea Romelu Lukaku
88%
29) 17/18 84,7 Everton Manchester United Romelu Lukaku
88%
48) 19/20 74 Manchester United Inter Milan Romelu Lukaku
88%
6) 22/23 121 Benfica Chelsea Enzo Fernández
87%
166) 22/23 44,25 River Plate Benfica Enzo Fernandez
87%
18) 23/24 95 Francfort PSG Randal Kolo Muani
87%
12) 19/20 115 Chelsea Real Madrid Eden Hazard
85%
26) 19/20 86 Ajax Amsterdam Barcelone Frenkie de Jong
85%
16) 13/14 101 Tottenham Real Madrid Gareth Bale
85%
27) 19/20 85,5 Ajax Amsterdam Juventus Matthijs de Ligt
85%
59) 22/23 67 Juventus Bayern Munich Matthijs de Ligt
85%
10) 23/24 116,6 West Ham Arsenal Declan Rice
84%
84) 22/23 60 Dortmund Manchester City Erling Haaland
84%
28) 21/22 85 Dortmund Manchester United Jadon Sancho
83%
42) 15/16 76 Wolfsburg Manchester City Kévin de Bruyne
83%
31) 14/15 81,72 Liverpool Barcelone Luis Suarez
83%
35) 22/23 80 Monaco Real Madrid Aurélien Tchouaméni
82%
67) 13/14 64,5 Naples PSG Edinson Cavani
82%
30) 17/18 84,65 Southampton Liverpool Virgil van Dijk
82%
19) 22/23 95 Ajax Amsterdam Manchester United Antony
80%
21) 23/24 90 RB Leipzig Manchester City Josko Gvardiol
80%
38) 19/20 80 Atlético Madrid Bayern Munich Lucas Hernandez
80%
144) 23/24 45 Bayern Munich PSG Lucas Hernandez
80%
39) 19/20 80 Lille Arsenal Nicolas Pépé
80%
41) 01/02 77,5 Juventus Real Madrid Zinédine Zidane
80%
126) 17/18 50 Monaco Manchester City Bernardo Silva
79%
36) 22/23 80 Benfica Liverpool Darwin Nuñez
79%
25) 19/20 87 Leicester Manchester United Harry Maguire
79%
77) 23/24 62 Wolves Manchester City Matheus Nunes
79%
149) 22/23 45 Sporting CP Wolves Matheus Nunes
79%
11) 23/24 116 Brighton Chelsea Moisés Caicedo
79%
37) 20/21 80 Bayer Leverkusen Chelsea Kai Havertz
78%
43) 23/24 75 Chelsea Arsenal Kai Havertz
78%
53) 22/23 70 Shakhtar Donetsk Chelsea Mykhaylo Mudryk
78%
55) 19/20 70 Atlético Madrid Manchester City Rodri
78%
49) 18/19 72 Monaco Atlético Madrid Thomas Lemar
77%
45) 20/21 75 Lille Naples Victor Osimhen
77%
57) 21/22 68 Inter Milan PSG Achraf Hakimi
76%
171) 20/21 43 Dortmund Inter Milan Achraf Hakimi
76%
46) 14/15 75 Monaco Real Madrid James Rodriguez
76%
158) 13/14 45 Porto Monaco James Rodriguez
76%
83) 23/24 60 Rennes Manchester City Jérémy Doku
76%
40) 18/19 80 Athletic Bilbao Chelsea Kepa
76%
72) 15/16 63,7 Liverpool Manchester City Raheem Sterling
76%
100) 22/23 56,2 Manchester City Chelsea Raheem Sterling
76%
190) 12/13 42 Milan PSG Thiago Silva
76%
90) 00/01 60 Barcelone Real Madrid Luis Figo
74%
58) 18/19 67,8 Leicester Manchester City Riyad Mahrez
74%
56) 09/10 69,5 Inter Milan Barcelone Zlatan Ibrahimovic
74%
23) 16/17 90 Naples Juventus Gonzalo Higuain
73%
54) 22/23 70 Real Sociedad Newcastle Alexander Isak
72%
75) 18/19 62,5 AS Rome Liverpool Alisson
72%
64) 19/20 65 Sporting CP Manchester United Bruno Fernandes
72%
32) 21/22 81,6 Fiorentina Juventus Dusan Vlahovic
72%
186) 17/18 42 AS Rome Liverpool Mohamed Salah
72%
88) 16/17 60 Chelsea Shangai Oscar
72%
33) 20/21 80,6 Barcelone Juventus Arthur
71%
96) 17/18 57,5 Monaco Manchester City Benjamin Mendy
71%
51) 22/23 70,65 Real Madrid Manchester United Casemiro
71%
132) 19/20 48 Lyon Real Madrid Ferland Mendy
71%
63) 24/25 65 Benfica PSG Goncalo Ramos
70%
80) 23/24 60 Sporting CP PSG Manuel Ugarte
70%
47) 14/15 75 Real Madrid Manchester United Angel Di Maria
68%
74) 15/16 63 Manchester United PSG Angel Di Maria
68%
50) 20/21 71,6 Benfica Manchester City Ruben Dias
68%
69) 23/24 64 Milan Newcastle Sandro Tonali
68%
66) 17/18 65 Athletic Bilbao Manchester City Aymeric Laporte
67%
137) 23/24 46,7 Liverpool Al-Ittihad Fabinho
67%
154) 18/19 45 Monaco Liverpool Fabinho
67%
60) 09/10 67 Milan Real Madrid Kaka
67%
73) 19/20 63 Francfort Real Madrid Luka Jovic
67%
95) 22/23 58 Leeds Barcelone Raphinha
67%
196) 16/17 41,2 Southampton Liverpool Sadio Mané
67%
89) 15/16 60 Monaco Manchester United Anthony Martial
66%
79) 23/24 60 RB Leipzig Chelsea Christopher Nkunku
66%
93) 10/11 58,5 Liverpool Chelsea Fernando Torres
66%
106) 21/22 55 Manchester City Barcelone Ferran Torres
66%
44) 23/24 75 Atalanta Manchester United Rasmus Hojlund
66%
78) 19/20 62 Lyon Tottenham Tanguy Ndombele
66%
68) 23/24 64,2 Chelsea Manchester United Mason Mount
65%
109) 17/18 53 Lyon Arsenal Alexandre Lacazette
63%
113) 23/24 52,5 Inter Milan Manchester United André Onana
63%
65) 19/20 65 Juventus Manchester City João Cancelo
63%
115) 16/17 52 Schalke 04 Manchester City Leroy Sané
63%
131) 20/21 49 Manchester City Bayern Munich Leroy Sané
63%
71) 17/18 63,75 Dortmund Arsenal Pierre-Emerick Aubameyang
63%
52) 23/24 70 RB Leipzig Liverpool Dominik Szoboszlai
62%
82) 23/24 60 Zenit Al-Hilal Malcom
62%
193) 19/20 41,5 Barcelone Zenit Malcom
62%
199) 18/19 41 Bordeaux Barcelone Malcom
62%
103) 23/24 55 Bayer Leverkusen Aston Villa Moussa Diaby
62%
155) 18/19 45 Flamengo Real Madrid Vinicius Jr
62%
175) 22/23 42,95 Lyon West Ham Lucas Paqueta
61%
61) 17/18 66 Real Madrid Chelsea Alvaro Morata
60%
111) 17/18 52,7 Tottenham Manchester City Kyle Walker
60%
136) 13/14 47 Real Madrid Arsenal Mesut Ozil
60%
148) 22/23 45 Bayern Munich Barcelone Robert Lewandowski
60%
34) 22/23 80,4 Leicester Chelsea Wesley Fofana
60%
147) 23/24 45 Lyon PSG Bradley Barcola
59%
128) 14/15 49,5 Chelsea PSG David Luiz
59%
173) 13/14 43 Atlético Madrid Monaco Falcao
59%
151) 19/20 45 Santos Real Madrid Rodrygo
59%
114) 22/23 52,2 Manchester City Arsenal Gabriel Jesus
57%
110) 01/02 52,88 Parme Juventus Gianluigi Buffon
57%
101) 16/17 56 Zenit Shangai Hulk
57%
120) 22/23 50 Séville Barcelone Jules Koundé
56%
135) 21/22 47 Porto Liverpool Luis Diaz
56%
62) 22/23 65,3 Brighton Chelsea Marc Cucurella
56%
85) 20/21 60 Juventus Barcelone Miralem Pjanic
56%
104) 23/24 55 Wolves Al-Hilal Ruben Neves
56%
146) 23/24 45 Monaco Chelsea Axel Disasi
55%
134) 23/24 47 Manchester City Chelsea Cole Palmer
55%
189) 15/16 42 Atlético Madrid Guangzhou Evergrande Jackson Martinez
55%
97) 22/23 57,37 Ajax Amsterdam Manchester United Lisandro Martinez
55%
118) 23/24 50 Naples Bayern Munich Min-jae Kim
55%
180) 21/22 42,1 Lyon Newcastle Bruno Guimaraes
54%
191) 11/12 42 Palerme PSG Javier Pastore
54%
108) 20/21 53 RB Leipzig Chelsea Timo Werner
54%
192) 22/23 41,5 Porto PSG Vitinha
54%
92) 21/22 58,5 Brighton Arsenal Ben White
52%
70) 18/19 64 Dortmund Chelsea Christian Pulisic
52%
194) 17/18 41,5 Lyon Bayern Munich Corentin Tolisso
52%
177) 22/23 42,5 Fiorentina Juventus Federico Chiesa
52%
178) 21/22 42,5 RB Leipzig Bayern Munich Dayot Upamecano
51%
122) 20/21 50 Inter Milan PSG Mauro Icardi
51%
86) 18/19 60 RB Salzburg Liverpool Naby Keïta
51%
181) 23/24 42 Brighton Liverpool Alexis Mac Allister
50%
182) 22/23 42 PSV Liverpool Cody Gakpo
50%
145) 23/24 45 PSG Al-Arabi Marco Verratti
50%
163) 20/21 44,7 Wolves Liverpool Diogo Jota
49%
107) 19/20 55 Crystal Palace Manchester United Aaron Wan-Bissaka
48%
130) 22/23 49 Leeds Manchester City Kalvin Phillips
48%
112) 23/24 52,6 Fulham Al-Hilal Aleksandar Mitrovic
46%
179) 14/15 42,5 Barcelone Arsenal Alexis Sanchez
46%
187) 17/18 42 Ajax Amsterdam Tottenham Davinson Sanchez
46%
91) 18/19 59 Shakhtar Donetsk Manchester United Fred
46%
102) 16/17 55,6 Everton Manchester City John Stones
46%
94) 22/23 58 Everton Tottenham Richarlison
46%
124) 19/20 50 Porto Real Madrid Éder Militão
45%
140) 23/24 46,3 Leicester Tottenham James Maddison
45%
98) 18/19 57 Naples Chelsea Jorginho
45%
143) 20/21 45,3 Bournemouth Manchester City Nathan Aké
45%
81) 23/24 60 Porto Al-Nassr Otavio
44%
123) 20/21 50 Atlético Madrid Arsenal Thomas Partey
44%
87) 17/18 60 Chelsea Atlético Madrid Diego Costa
43%
183) 18/19 42 Barcelone Guangzhou Evergrande Paulinho
43%
76) 23/24 62,1 Southampton Chelsea Roméo Lavia
43%
157) 14/15 45 Porto Manchester City Eliaquim Mangala
41%
153) 19/20 45 Real Madrid Chelsea Mateo Kovacic
40%
174) 08/09 43 Real Madrid Manchester City Robinho
40%
195) 01/02 41,32 Fiorentina Milan Rui Costa
39%
125) 19/20 50 Francfort West Ham Sébastien Haller
38%
152) 19/20 45 Monaco Leicester Youri Tielemans
38%
156) 16/17 45 Monchengladbach Arsenal Granit Xhaka
37%
150) 19/20 45 PSV Naples Hirving Lozano
37%
172) 15/16 43 Schalke 04 Wolfsburg Julian Draxler
37%
119) 23/24 50 Atlético Madrid Wolves Matheus Cunha
35%
142) 22/23 45,6 Everton Newcastle Anthony Gordon
34%
169) 06/07 43,88 Milan Chelsea Andriy Shevchenko
33%
116) 20/21 50,2 Leicester Chelsea Ben Chilwell
33%
141) 02/03 46 Leeds Manchester United Rio Ferdinand
33%
198) 21/22 41 Chelsea AS Rome Tammy Abraham
32%
99) 00/01 56,81 Parme Lazio Rome Hernan Crespo
30%
170) 23/24 43 Ajax Amsterdam West Ham Mohammed Kudus
30%
121) 22/23 50 Atalanta Tottenham Cristian Romero
29%
185) 17/18 42 Juventus Milan Leonardo Bonucci
29%
197) 22/23 41 Torino Juventus Bremer
28%
168) 19/20 44 Hoffenheim Newcastle Joelinton
28%
162) 13/14 44,73 Chelsea Manchester United Juan Mata
28%
105) 23/24 55 Nottingham Forest Tottenham Brennan Johnson
27%
167) 23/24 44 Leicester Newcastle Harvey Barnes
27%
165) 15/16 44,5 Valence Manchester City Nicolas Otamendi
26%
138) 15/16 46,5 Aston Villa Liverpool Christian Benteke
24%
188) 16/17 42 Dortmund Manchester United Henrikh Mkhitaryan
23%
176) 01/02 42,6 Lazio Rome Manchester United Juan Sebastian Veron
23%
164) 17/18 44,7 Chelsea Manchester United Nemanja Matic
23%
129) 17/18 49,4 Swansea Everton Gylfi Sigurdsson
22%
160) 01/02 45 Lazio Rome Juventus Pavel Nedved
22%
161) 16/17 44,78 Sporting CP Inter Milan João Mario
21%
200) 16/17 41 Valence Arsenal Shkodran Mustafi
18%
127) 15/16 50 Shakhtar Donetsk JS Suning Alex Teixeira
15%
139) 99/00 46,48 Lazio Rome Inter Milan Christian Vieri
15%
184) 18/19 42 Sampdoria AS Rome Patrik Schick
10%
133) 01/02 48 Valence Lazio Rome Gaizka Mendieta
9%
Aucun quiz correspondant
Distribution des résultats
% des personnes avec chaque résultat
Percentile par nombre de réponses
Votre historique - résultats
Vous n’avez pas pris ce quiz depuis la dernière actualisation